000 00800cam a2200277 a 4500
001 16908283
005 20180316043645.0
008 110808s2012 nyuab b 001 0 eng c
010 _a 2011936039
020 _a9781429223287
020 _a1429223286
035 _a(OCoLC)ocn773126692
040 _aOKS
_cOKS
_dDLC
041 _aeng
042 _apcc
080 _a82 cra
082 _282 cra
100 _a25
101 _agju
245 0 0 _aQuantitative literacy :
_cBruce C. Crauder ... [et al.].
504 _aIncludes bibliographical references (p. C1-5) and indexes.
906 _a7
_bcbc
_cpccadap
_d3
_eepcn
_f20
_gy-gencatlg
942 _2ddc
_cBK
999 _c45204
_d45204